[Event "Bialystok Zamenhof Memorial 35th"]
[Site "Bialystok"]
[Date "2016.12.27"]
[Round "1"]
[White "Bobras, Piotr"]
[Black "Maj, Pawel"]
[Result "1-0"]
[WhiteElo "2523"]
[BlackElo "2109"]
[PlyCount "45"]
[EventDate "2016.12.27"]
[EventType "swiss (rapid)"]
[EventRounds "9"]
[EventCountry "POL"]
[SourceTitle "CBM 176 Extra"]
[Source "ChessBase"]
[SourceDate "2017.03.02"]
[SourceVersion "1"]
[SourceVersionDate "2017.03.02"]
[SourceQuality "1"]

1. e4 c5 2. Nf3 d6 3. d4 cxd4 4. Nxd4 Nf6 5. Nc3 a6 6. Bg5 e6 7. f4 Be7 8. Qf3 Qc7 9. 0-0-0 Nbd7 10. Bd3 h6 11. h4 b5 12. Bxf6 Nxf6 13. e5 Bb7 14. Qh3 Nd7 15. Nxe6 fxe6 16. exd6 Bxd6 17. Qxe6+ Kd8 18. Bf5 Bxf4+ 19. Kb1 Bc6 20. Nd5 Qd6 21. Nxf4 Qxe6 22. Nxe6+ Ke7 23. Nd4 1-0

[Event "Rubinstein Memorial 52nd"]
[Site "Polanica Zdroj"]
[Date "2016.08.28"]
[Round "9"]
[White "Wisniewski, Michal"]
[Black "Maj, Pawel"]
[Result "1/2-1/2"]
[WhiteElo "2197"]
[BlackElo "2087"]
[PlyCount "222"]
[EventDate "2016.08.20"]
[EventType "swiss"]
[EventRounds "10"]
[EventCountry "POL"]
[SourceTitle "CBM 174 Extra"]
[Source "ChessBase"]
[SourceDate "2016.10.10"]
[SourceVersion "1"]
[SourceVersionDate "2016.10.10"]
[SourceQuality "1"]

1. e4 c5 2. Nf3 d6 3. d4 cxd4 4. Qxd4 a6 5. h3 Nc6 6. Qe3 g6 7. c4 Bg7 8. Be2 Nf6 9. 0-0 0-0 10. Nc3 Nd7 11. Rb1 Nde5 12. Rd1 Nxf3+ 13. Bxf3 f5 14. exf5 Bxf5 15. Be4 Qd7 16. Nd5 Bxe4 17. Qxe4 Qf5 18. Qxf5 Rxf5 19. Be3 Rc8 20. b4 Rf7 21. c5 dxc5 22. Bxc5 e6 23. Nb6 Re8 24. Nc4 Bf8 25. Nd6 Bxd6 26. Rxd6 e5 27. Rbd1 e4 28. Rd7 Rxd7 29. Rxd7 b6 30. Bxb6 Nxb4 31. a4 Re6 32. Bc5 Nc6 33. Rc7 h5 34. Kf1 g5 35. Ke2 Ne5 36. Bd4 Nc6 37. Bc3 Ne7 38. Rc5 g4 39. Rxh5 gxh3 40. gxh3 Kf7 41. Bd2 Ng6 42. Rh7+ Kf6 43. Rb7 Ne7 44. Rd7 Nf5 45. Be3 Ke5 46. Rb7 Rc6 47. Rb6 Rc2+ 48. Kd1 Nxe3+ 49. fxe3 Rh2 50. Rxa6 Kd5 51. Rh6 Kc4 52. Rd6 Rxh3 53. Rd4+ Kc3 54. Ke2 Rh2+ 55. Kf1 Ra2 56. Rxe4 Kd3 57. Re8 Rb2 58. a5 Ra2 59. Re5 Kc4 60. Re8 Kd3 61. Ra8 Kxe3 62. a6 Kf3 63. Ke1 Ke3 64. Kd1 Kd3 65. Kc1 Rc2+ 66. Kb1 Rc7 67. Kb2 Kc4 68. Ka3 Kb5 69. Kb3 Kb6 70. Kb4 Ra7 71. Rh8 Rxa6 72. Rh6+ Kb7 73. Rh7+ Kb6 74. Rg7 Ra1 75. Rg6+ Kc7 76. Kb5 Rb1+ 77. Kc4 Rc1+ 78. Kd3 Rc6 79. Rg7+ Kb6 80. Kd4 Rd6+ 81. Kc4 Rc6+ 82. Kb4 Rh6 83. Rg4 Rf6 84. Re4 Rh6 85. Kc4 Rg6 86. Re5 Rg4+ 87. Kd5 Rg6 88. Rh5 Rf6 89. Rh1 Rf5+ 90. Ke6 Rf2 91. Rb1+ Kc5 92. Rd1 Re2+ 93. Kd7 Re4 94. Rh1 Rd4+ 95. Kc7 Rg4 96. Rh5+ Kd4 97. Ra5 Rg7+ 98. Kd6 Rg6+ 99. Ke7 Rb6 100. Rh5 Ra6 101. Kd7 Rg6 102. Rh1 Ra6 103. Rd1+ Ke5 104. Re1+ Kd5 105. Rd1+ Ke5 106. Kc7 Rh6 107. Rd2 Rg6 108. Kb7 Rh6 109. Rb2 Kd5 110. Rb6 Rxb6+ 111. Kxb6 Ke5 1/2-1/2

[Event "Rubinstein Memorial 52nd"]
[Site "Polanica Zdroj"]
[Date "2016.08.23"]
[Round "4"]
[White "Dubinski, Mateusz"]
[Black "Maj, Pawel"]
[Result "1-0"]
[WhiteElo "2202"]
[BlackElo "2087"]
[PlyCount "85"]
[EventDate "2016.08.20"]
[EventType "swiss"]
[EventRounds "10"]
[EventCountry "POL"]
[SourceTitle "CBM 174 Extra"]
[Source "ChessBase"]
[SourceDate "2016.10.10"]
[SourceVersion "1"]
[SourceVersionDate "2016.10.10"]
[SourceQuality "1"]

1. c4 Nf6 2. Nc3 g6 3. e4 d6 4. d4 Bg7 5. f3 0-0 6. Be3 a6 7. Nge2 Nc6 8. Qd2 Na5 9. Nc1 Nd7 10. b4 Nc6 11. Rb1 e5 12. d5 Nd4 13. Nb3 Nxb3 14. axb3 f5 15. Bd3 f4 16. Bf2 g5 17. h3 Rf6 18. Ra1 Bf8 19. b5 h5 20. b4 Rg6 21. Be2 Be7 22. bxa6 Rxa6 23. Rxa6 bxa6 24. Qa2 Kg7 25. Qa5 g4 26. hxg4 hxg4 27. c5 gxf3 28. gxf3 Rg2 29. c6 Rxf2 30. cxd7 Rxe2+ 31. Kxe2 Qxd7 32. Qa4 Qd8 33. Qc6 Kg6 34. Kd3 Bd7 35. Qxa6 Bh4 36. Qb7 Bf2 37. Ra1 Bb6 38. Ra8 Qe7 39. Qb8 Bh3 40. Qh8 Bf1+ 41. Kc2 Qh7 42. Rg8+ Kh6 43. Qf6+ 1-0

[Event "Warsaw YMCA Autumn-A 161st"]
[Site "Warsaw"]
[Date "2015.11.18"]
[Round "9"]
[White "Koziol, Pawel"]
[Black "Maj, Pawel"]
[Result "0-1"]
[WhiteElo "1927"]
[BlackElo "2078"]
[PlyCount "106"]
[EventDate "2015.09.25"]
[EventType "tourn"]
[EventRounds "13"]
[EventCountry "POL"]
[SourceTitle "EXT 2019"]
[Source "ChessBase"]
[SourceDate "2018.10.10"]
[SourceVersion "1"]
[SourceVersionDate "2018.10.10"]
[SourceQuality "1"]

1. Nf3 Nf6 2. c4 d5 3. cxd5 Nxd5 4. d4 e6 5. e4 Nb6 6. a4 a5 7. Nc3 Be7 8. Bd3 0-0 9. 0-0 c5 10. dxc5 Bxc5 11. Qe2 Nc6 12. e5 Nd4 13. Nxd4 Qxd4 14. Rd1 Qb4 15. Ne4 Nd5 16. Qh5 g6 17. Qh6 Be7 18. Bg5 Re8 19. Bb5 Qxe4 20. Bxe8 Bf8 21. Qh4 Qxe5 22. Rab1 Qg7 23. Bb5 h6 24. Bd2 Be7 25. Qg3 Bf6 26. Qb3 Bd4 27. Bxh6 Bxf2+ 28. Kxf2 Qxh6 29. Kg1 Qg5 30. Qf3 Kg7 31. Rf1 Qe3+ 32. Qxe3 Nxe3 33. Rf3 Nd5 34. Rbf1 f5 35. Rc1 e5 36. Rd3 Be6 37. Rc5 Nf4 38. Rd6 Kf6 39. g3 Nh3+ 40. Kg2 Ng5 41. Rc7 f4 42. gxf4 exf4 43. h4 f3+ 44. Kh2 Rh8 45. Bd3 Rxh4+ 46. Kg3 Rg4+ 47. Kf2 Rg2+ 48. Ke3 Rxb2 49. Kf4 Rb4+ 50. Rc4 Rb3 51. Rcd4 f2 52. Bc4 f1Q+ 53. Bxf1 Rf3# 0-1

[Event "Warsaw YMCA Summer-A 156th"]
[Site "Warsaw"]
[Date "2015.07.31"]
[Round "7"]
[White "Kasperkiewicz, Pawel"]
[Black "Maj, Pawel"]
[Result "0-1"]
[WhiteElo "1963"]
[BlackElo "2129"]
[PlyCount "94"]
[EventDate "2015.07.01"]
[EventType "tourn"]
[EventRounds "10"]
[EventCountry "POL"]
[SourceTitle "EXT 2019"]
[Source "ChessBase"]
[SourceDate "2018.10.10"]
[SourceVersion "1"]
[SourceVersionDate "2018.10.10"]
[SourceQuality "1"]

1. e4 c5 2. Nf3 d6 3. Bb5+ Nd7 4. d4 Ngf6 5. Nc3 cxd4 6. Qxd4 g6 7. Bg5 Bg7 8. 0-0-0 0-0 9. e5 dxe5 10. Nxe5 Qa5 11. Nc4 Qc7 12. Bf4 Qc5 13. Qxc5 Nxc5 14. Nd5 Nxd5 15. Rxd5 Ne4 16. Re1 Be6 17. Ne3 Nxf2 18. Rc5 Rac8 19. Rxc8 Rxc8 20. Re2 Ne4 21. Bd3 Nd6 22. b3 Rd8 23. g4 Bc8 24. h3 e5 25. Bg3 e4 26. Bc4 Bh6 27. Kb2 Nxc4+ 28. Nxc4 f5 29. Bc7 Rd7 30. Bb8 Bg7+ 31. c3 b5 32. Nd6 Be5 33. Nxe4 Bxb8 34. Nf6+ Kf7 35. Nxd7 Bxd7 36. Rd2 Ke7 37. Re2+ Be6 38. c4 bxc4 39. bxc4 Bd6 40. Kc3 f4 41. Kd4 g5 42. c5 Bc7 43. Rb2 Kf6 44. Rb7 f3 45. Ke3 Bg3 46. Rb1 Bd5 47. a4 f2 0-1

[Event "Wroclaw op-A 10th"]
[Site "Wroclaw"]
[Date "2015.07.06"]
[Round "5"]
[White "Zombirt, Filip"]
[Black "Maj, Pawel"]
[Result "0-1"]
[WhiteElo "2013"]
[BlackElo "2129"]
[PlyCount "76"]
[EventDate "2015.07.03"]
[EventType "swiss"]
[EventRounds "9"]
[EventCountry "POL"]
[SourceTitle "CBM 167 Extra"]
[Source "ChessBase"]
[SourceDate "2015.09.14"]
[SourceVersion "1"]
[SourceVersionDate "2015.09.14"]
[SourceQuality "1"]

1. d4 Nf6 2. c4 c5 3. d5 b5 4. cxb5 a6 5. bxa6 g6 6. Nc3 Bxa6 7. g3 d6 8. Bg2 Bg7 9. Nf3 Nbd7 10. Rb1 0-0 11. 0-0 Qa5 12. Bd2 Bb7 13. Qc2 Qa6 14. e4 e6 15. dxe6 fxe6 16. Rfe1 Ng4 17. h3 Nge5 18. Ng5 Rae8 19. Bf1 Qa7 20. f4 h6 21. fxe5 Nxe5 22. Bg2 hxg5 23. Bxg5 Ba6 24. Rbd1 Qb6 25. Bf4 Rb8 26. Na4 Qc6 27. b3 Rfd8 28. Rd2 c4 29. Rc1 Qb7 30. bxc4 Nxc4 31. Rdd1 Qa7+ 32. Kh1 Rb4 33. e5 Bb7 34. Nc3 Rb2 35. Qxb2 Nxb2 36. Rxd6 Bxg2+ 37. Kxg2 Rxd6 38. exd6 Nd3 0-1

[Event "Wroclaw op-A 10th"]
[Site "Wroclaw"]
[Date "2015.07.05"]
[Round "4"]
[White "Maj, Pawel"]
[Black "Balinski, Damian"]
[Result "0-1"]
[WhiteElo "2129"]
[BlackElo "2201"]
[PlyCount "64"]
[EventDate "2015.07.03"]
[EventType "swiss"]
[EventRounds "9"]
[EventCountry "POL"]
[SourceTitle "CBM 167 Extra"]
[Source "ChessBase"]
[SourceDate "2015.09.14"]
[SourceVersion "1"]
[SourceVersionDate "2015.09.14"]
[SourceQuality "1"]

1. d4 d5 2. c4 e5 3. dxe5 d4 4. Nf3 Nc6 5. a3 Nge7 6. e3 Bg4 7. Be2 dxe3 8. Qxd8+ Rxd8 9. Bxe3 Bxf3 10. gxf3 Nxe5 11. Nc3 Nf5 12. f4 Nd3+ 13. Bxd3 Rxd3 14. Ke2 Rd7 15. Rad1 g6 16. Rxd7 Kxd7 17. Rd1+ Kc8 18. Nb5 Bg7 19. Nd4 Nxd4+ 20. Bxd4 Re8+ 21. Be3 Bxb2 22. a4 Re4 23. Kd3 f5 24. Rb1 Bf6 25. Bxa7 b6 26. c5 bxc5 27. Rb8+ Kd7 28. Bxc5 Rxa4 29. Rf8 Ke6 30. Rc8 Rxf4 31. Rxc7 Rh4 32. Bb6 Be5 0-1

[Event "Warsaw YMCA Summer-A 156th"]
[Site "Warsaw"]
[Date "2015.07.02"]
[Round "2"]
[White "Maj, Pawel"]
[Black "Kasperkiewicz, Pawel"]
[Result "1-0"]
[WhiteElo "2129"]
[BlackElo "1963"]
[PlyCount "81"]
[EventDate "2015.07.01"]
[EventType "tourn"]
[EventRounds "10"]
[EventCountry "POL"]
[SourceTitle "EXT 2019"]
[Source "ChessBase"]
[SourceDate "2018.10.10"]
[SourceVersion "1"]
[SourceVersionDate "2018.10.10"]
[SourceQuality "1"]

1. d4 Nf6 2. Bg5 Ne4 3. Bf4 d5 4. e3 e6 5. Bd3 Bd6 6. Ne2 c5 7. Bxe4 dxe4 8. dxc5 Bxc5 9. Qxd8+ Kxd8 10. Nbc3 f5 11. 0-0-0+ Ke7 12. Na4 Bb4 13. a3 Ba5 14. b4 Bb6 15. Nxb6 axb6 16. Be5 Rg8 17. Bb2 Nc6 18. Rd2 Rd8 19. Rxd8 Nxd8 20. Rd1 Nf7 21. Bd4 Rxa3 22. Kb2 Ra4 23. Kb3 Ra8 24. Bxb6 e5 25. c4 Be6 26. Nc3 g5 27. Bc5+ Kf6 28. Nd5+ Bxd5 29. Rxd5 Rd8 30. Rxd8 Nxd8 31. b5 Ke6 32. Bb6 Nf7 33. Kb4 h5 34. Kc5 f4 35. Bc7 Kd7 36. Kb6 Kc8 37. c5 h4 38. c6 bxc6 39. Kxc6 Nd8+ 40. Bxd8 Kxd8 41. Kd5 1-0

[Event "Warsaw YMCA Spring 155th"]
[Site "Warsaw"]
[Date "2015.05.22"]
[Round "7"]
[White "Rudolf, Michal"]
[Black "Maj, Pawel"]
[Result "1-0"]
[WhiteElo "2322"]
[BlackElo "2153"]
[PlyCount "41"]
[EventDate "2015.04.10"]
[EventType "tourn"]
[EventRounds "13"]
[EventCountry "POL"]
[SourceTitle "EXT 2017"]
[Source "ChessBase"]
[SourceDate "2016.10.25"]
[SourceVersion "1"]
[SourceVersionDate "2016.10.25"]
[SourceQuality "1"]

1. d4 Nf6 2. Nf3 c5 3. d5 b5 4. Bg5 Qb6 5. a4 b4 6. e3 Bb7 7. Bc4 a5 8. 0-0 d6 9. Bxf6 gxf6 10. Bb5+ Nd7 11. Qd3 Qd8 12. Nbd2 Bg7 13. Nc4 Bc8 14. Qf5 Kf8 15. Qh5 Nb6 16. Nxb6 Qxb6 17. Rad1 Ra7 18. e4 Rc7 19. b3 Ba6 20. Bxa6 Qxa6 21. Nd2 1-0

[Event "Warsaw YMCA Spring 155th"]
[Site "Warsaw"]
[Date "2015.05.08"]
[Round "5"]
[White "Maj, Pawel"]
[Black "Sanz Losada, Victoriano"]
[Result "1-0"]
[WhiteElo "2153"]
[BlackElo "2081"]
[PlyCount "105"]
[EventDate "2015.04.10"]
[EventType "tourn"]
[EventRounds "13"]
[EventCountry "POL"]
[SourceTitle "EXT 2017"]
[Source "ChessBase"]
[SourceDate "2016.10.25"]
[SourceVersion "1"]
[SourceVersionDate "2016.10.25"]
[SourceQuality "1"]

1. e4 c5 2. Nf3 d6 3. d4 cxd4 4. Nxd4 Nf6 5. Nc3 g6 6. Be3 Bg7 7. f3 0-0 8. Qd2 Nc6 9. 0-0-0 d5 10. Qe1 e6 11. h4 h5 12. g4 hxg4 13. h5 Nxd4 14. Bxd4 Nxh5 15. fxg4 Bxd4 16. Rxd4 Qg5+ 17. Kb1 e5 18. gxh5 exd4 19. Nxd5 Be6 20. Bc4 Kg7 21. hxg6 fxg6 22. Rg1 Qe5 23. Qh4 Bxd5 24. Bxd5 Rad8 25. a3 Rh8 26. Qg4 Rd6 27. Rf1 Rf8 28. Rxf8 Kxf8 29. Qc8+ Kg7 30. Qxb7+ Kh6 31. Qxa7 g5 32. Qf7 g4 33. Qf8+ Kg5 34. Qg8+ Rg6 35. Qd8+ Rf6 36. Qg8+ Kf4 37. a4 g3 38. a5 Ke3 39. Bc4 Rc6 40. a6 Rc7 41. Bf1 Qf4 42. Bh3 Kf2 43. Qd8 Ke3 44. Qb8 Rh7 45. a7 Qxb8 46. axb8Q Rxh3 47. Qg8 Kf2 48. Qf7+ Kg2 49. e5 Rh1+ 50. Ka2 Re1 51. e6 Kh1 52. e7 g2 53. Qh5+ 1-0

[Event "Warsaw YMCA Spring 155th"]
[Site "Warsaw"]
[Date "2015.04.09"]
[Round "1"]
[White "Maj, Pawel"]
[Black "Cajbel, Maciej"]
[Result "0-1"]
[WhiteElo "2153"]
[BlackElo "2218"]
[PlyCount "66"]
[EventDate "2015.04.10"]
[EventType "tourn"]
[EventRounds "13"]
[EventCountry "POL"]
[SourceTitle "EXT 2017"]
[Source "ChessBase"]
[SourceDate "2016.10.25"]
[SourceVersion "1"]
[SourceVersionDate "2016.10.25"]
[SourceQuality "1"]

1. e4 c5 2. Nf3 Nc6 3. Bb5 g6 4. Bxc6 dxc6 5. d3 Bg7 6. h3 Nf6 7. 0-0 0-0 8. Nc3 b6 9. Bf4 Nh5 10. Bh2 Bh6 11. Ne2 f6 12. e5 f5 13. d4 cxd4 14. Nfxd4 c5 15. Nb5 Ba6 16. a4 f4 17. Nec3 f3 18. g4 Qc8 19. Nd5 Kh8 20. Nxe7 Qe6 21. Qd6 Qxd6 22. exd6 Nf4 23. Bxf4 Bxf4 24. Rfd1 Bxb5 25. axb5 Rad8 26. Rxa7 Bxd6 27. Nd5 c4 28. Nxb6 Bh2+ 29. Kxh2 Rxd1 30. Kg3 g5 31. Nd7 Rg1+ 32. Kh2 Rg2+ 33. Kh1 Re8 0-1

[Event "Warsaw YMCA Winter 151st"]
[Site "Warsaw"]
[Date "2015.02.13"]
[Round "6"]
[White "Maj, Pawel"]
[Black "Delega, Tomasz"]
[Result "1-0"]
[WhiteElo "2108"]
[BlackElo "2044"]
[PlyCount "120"]
[EventDate "2015.01.09"]
[EventType "tourn"]
[EventRounds "9"]
[EventCountry "POL"]
[SourceTitle "EXT 2016"]
[Source "ChessBase"]
[SourceDate "2015.10.08"]
[SourceVersion "1"]
[SourceVersionDate "2015.10.08"]
[SourceQuality "1"]

1. e4 c5 2. Nf3 e6 3. d4 cxd4 4. Nxd4 Nf6 5. Nc3 Nc6 6. Ndb5 Bb4 7. a3 Bxc3+ 8. Nxc3 d5 9. exd5 exd5 10. Bd3 d4 11. Ne2 0-0 12. 0-0 Bg4 13. Bf4 a6 14. Qd2 Qd7 15. Ng3 Nh5 16. Ne4 Bf5 17. Rfe1 Bxe4 18. Rxe4 Nxf4 19. Qxf4 Rfe8 20. Rae1 Rxe4 21. Qxe4 g6 22. h4 Kg7 23. h5 Rd8 24. Bc4 Qf5 25. Qxf5 gxf5 26. f4 Rd6 27. Re8 b5 28. Bd3 Rf6 29. Ra8 Ne7 30. Rd8 Nc6 31. Rd5 Kh6 32. Rxf5 Rxf5 33. Bxf5 Kxh5 34. Kf2 Kh6 35. Kf3 Ne7 36. Be4 f5 37. Bb7 a5 38. g3 Kh5 39. Kf2 Kg4 40. Kg2 Kh5 41. Bf3+ Kg6 42. Kf2 Ng8 43. Ke2 Nf6 44. Kd3 Nh5 45. Kxd4 Nxg3 46. Kc5 Nh5 47. Kxb5 Nxf4 48. Kxa5 Ne6 49. Kb6 Nd4 50. Bd1 f4 51. c3 Nf5 52. a4 Ne3 53. Bf3 Nc4+ 54. Kb5 Nd2 55. Bd1 h5 56. a5 Ne4 57. Kc6 h4 58. a6 h3 59. a7 h2 60. Bf3 Nd2 1-0

[Event "Warsaw YMCA Winter 151st"]
[Site "Warsaw"]
[Date "2015.01.16"]
[Round "2"]
[White "Maj, Pawel"]
[Black "Rozycki, Bartlomiej"]
[Result "1-0"]
[WhiteElo "2108"]
[BlackElo "2037"]
[PlyCount "171"]
[EventDate "2015.01.09"]
[EventType "tourn"]
[EventRounds "9"]
[EventCountry "POL"]
[SourceTitle "EXT 2016"]
[Source "ChessBase"]
[SourceDate "2015.10.08"]
[SourceVersion "1"]
[SourceVersionDate "2015.10.08"]
[SourceQuality "1"]

1. c4 e5 2. g3 Nc6 3. Bg2 d6 4. Nc3 g6 5. e3 Bg7 6. Nge2 Nf6 7. d3 0-0 8. Rb1 Be6 9. Nd5 Qd7 10. 0-0 Bh3 11. e4 Bxg2 12. Kxg2 Nxd5 13. cxd5 Ne7 14. Be3 c5 15. b4 b6 16. a4 f5 17. f3 h6 18. Qb3 Kh7 19. a5 Rfb8 20. axb6 Rxb6 21. Qa2 Rxb4 22. Rxb4 cxb4 23. Qa5 Rb8 24. Rb1 Nc8 25. Rxb4 Rxb4 26. Qxb4 Qc7 27. Qc4 Qxc4 28. dxc4 Bf8 29. Nc3 a6 30. Kf2 Kg7 31. Ke2 Kf7 32. Kd3 Ke8 33. Na2 fxe4+ 34. fxe4 a5 35. Bd2 a4 36. Nc3 a3 37. Bc1 Ne7 38. Bxa3 Ng8 39. Ke3 Nf6 40. h3 h5 41. Kf3 Kd7 42. Na4 Nh7 43. h4 g5 44. c5 dxc5 45. Bxc5 gxh4 46. gxh4 Bxc5 47. Nxc5+ Kd6 48. Ne6 Nf6 49. Ng5 Kc5 50. Ke3 Kc4 51. Nf3 Ng4+ 52. Ke2 Kc5 53. Ne1 Kd4 54. Nd3 Nf6 55. Nf2 Nd7 56. Kf3 Nf8 57. Nh3 Ng6 58. Ng5 Kc5 59. Ne6+ Kd6 60. Kg3 Ke7 61. Ng7 Nf4 62. Nf5+ Kf6 63. Ne3 Ke7 64. Kf3 Ng6 65. Nf5+ Kd7 66. Ke3 Nf8 67. Kd3 Nh7 68. Ne3 Nf6 69. Nc4 Ng4 70. Kc3 Kc7 71. Kb4 Nf2 72. Nd2 Kb6 73. Kc4 Ng4 74. Nf3 Nf6 75. Nxe5 Nxe4 76. Kd4 Nd6 77. Nc4+ Nxc4 78. Kxc4 Kc7 79. Kc5 Kd7 80. Kd4 Ke7 81. Ke5 Kd7 82. Kf5 Kd6 83. Kg5 Kxd5 84. Kxh5 Ke6 85. Kg6 Ke7 86. Kg7 1-0

[Event "Poznan op 22nd"]
[Site "Poznan"]
[Date "2014.08.14"]
[Round "7"]
[White "Kozlowski, Tomasz"]
[Black "Maj, Pawel"]
[Result "1/2-1/2"]
[WhiteElo "1936"]
[BlackElo "2001"]
[PlyCount "79"]
[EventDate "2014.08.09"]
[EventType "swiss"]
[EventRounds "9"]
[EventCountry "POL"]
[SourceTitle "CBM 161 Extra"]
[Source "ChessBase"]
[SourceDate "2014.08.29"]
[SourceVersion "1"]
[SourceVersionDate "2014.08.29"]
[SourceQuality "1"]

1. e4 c5 2. Nf3 d6 3. Bb5+ Nd7 4. c4 e5 5. Nc3 a6 6. Bxd7+ Bxd7 7. a4 f5 8. d3 Be7 9. a5 Nf6 10. Bg5 0-0 11. Bxf6 Rxf6 12. Nd5 Rg6 13. Nb6 Rxg2 14. Nxa8 Qxa8 15. Rg1 Rxg1+ 16. Nxg1 fxe4 17. dxe4 Be6 18. Qd3 Qe8 19. Ne2 Qh5 20. 0-0-0 Qxh2 21. f3 Qh5 22. Nc3 Qf7 23. Nd5 Bd8 24. Qc3 h5 25. b4 cxb4 26. Qxb4 Qxf3 27. Qxd6 Bg5+ 28. Kb2 Qxd1 29. Nf6+ Bxf6 30. Qxd1 h4 31. Qh5 Bd7 32. Kc3 Bc6 33. Kd3 Kf8 34. Ke3 Ke7 35. c5 Kd7 36. Qh8 Ke7 37. Qc8 Kf7 38. Kf3 Ke7 39. Qc7+ Kf8 40. Qc8+ 1/2-1/2

[Event "Poznan op 22nd"]
[Site "Poznan"]
[Date "2014.08.13"]
[Round "6"]
[White "Maj, Pawel"]
[Black "Chojnacki, Krzysztof"]
[Result "0-1"]
[WhiteElo "2001"]
[BlackElo "2385"]
[PlyCount "70"]
[EventDate "2014.08.09"]
[EventType "swiss"]
[EventRounds "9"]
[EventCountry "POL"]
[SourceTitle "CBM 161 Extra"]
[Source "ChessBase"]
[SourceDate "2014.08.29"]
[SourceVersion "1"]
[SourceVersionDate "2014.08.29"]
[SourceQuality "1"]

1. e4 d6 2. d4 Nf6 3. Nc3 g6 4. Be3 c6 5. Nf3 Bg7 6. h3 0-0 7. a4 Qc7 8. Be2 Nbd7 9. 0-0 e5 10. dxe5 dxe5 11. a5 Rd8 12. Qb1 Nf8 13. b4 Ne6 14. Bc4 Nd4 15. Ng5 Rf8 16. f4 Ne6 17. f5 gxf5 18. exf5 Nf4 19. Bc5 Bxf5 20. Qb3 Bg6 21. Bxf8 Rxf8 22. Rae1 Rd8 23. Nf3 N6d5 24. Nh4 Bf8 25. Nxg6 hxg6 26. Bxd5 cxd5 27. Nb5 Qb8 28. Qe3 Bxb4 29. c3 d4 30. Nxd4 exd4 31. Qxf4 Qxf4 32. Rxf4 Bxc3 33. Rd1 Bxa5 34. Kf1 d3 35. Ra4 b6 0-1

[Event "Poznan op 22nd"]
[Site "Poznan"]
[Date "2014.08.12"]
[Round "5"]
[White "Wlodarczak, Damian"]
[Black "Maj, Pawel"]
[Result "0-1"]
[WhiteElo "1678"]
[BlackElo "2001"]
[PlyCount "84"]
[EventDate "2014.08.09"]
[EventType "swiss"]
[EventRounds "9"]
[EventCountry "POL"]
[SourceTitle "CBM 161 Extra"]
[Source "ChessBase"]
[SourceDate "2014.08.29"]
[SourceVersion "1"]
[SourceVersionDate "2014.08.29"]
[SourceQuality "1"]

1. e4 c5 2. Nf3 d6 3. Bb5+ Nd7 4. c4 a6 5. Bxd7+ Bxd7 6. d4 cxd4 7. Qxd4 Nf6 8. Bg5 h6 9. Bxf6 gxf6 10. Nc3 e6 11. a4 Rc8 12. b3 Rg8 13. g3 Qa5 14. 0-0 Qc5 15. Qxc5 Rxc5 16. e5 fxe5 17. Ne4 Bc6 18. Nfd2 Ke7 19. Nxc5 dxc5 20. Rfe1 f5 21. Rad1 Bg7 22. h4 e4 23. Kh2 Bd4 24. Rf1 Kf6 25. Rde1 Bc3 26. Re2 h5 27. Nb1 Bd4 28. Nd2 e5 29. Nb1 f4 30. Nd2 Kf5 31. gxf4 exf4 32. Rg1 Rxg1 33. Kxg1 Bf6 34. Nf1 Bxh4 35. Rd2 Ke6 36. Kh2 Bg5 37. Kh3 Ke5 38. Rd1 e3 39. fxe3 fxe3 40. Re1 Kd4 41. Nxe3 Bxe3 42. Rf1 Kc3 0-1

[Event "Warsaw Najdorf Memorial op-B 12th"]
[Site "Warsaw"]
[Date "2014.07.20"]
[Round "7"]
[White "Muhtarov, Leonid"]
[Black "Maj, Pawel"]
[Result "1/2-1/2"]
[WhiteElo "2098"]
[BlackElo "1521"]
[PlyCount "123"]
[EventDate "2014.07.14"]
[EventType "swiss"]
[EventRounds "9"]
[EventCountry "POL"]
[SourceTitle "EXT 2016"]
[Source "ChessBase"]
[SourceDate "2015.10.08"]
[SourceVersion "1"]
[SourceVersionDate "2015.10.08"]
[SourceQuality "1"]

1. Nf3 d5 2. g3 Nf6 3. Bg2 Bg4 4. 0-0 Nbd7 5. d3 e5 6. Nbd2 c5 7. e4 d4 8. h3 Bh5 9. a4 Qc7 10. Nc4 Bd6 11. Qe1 Bxf3 12. Bxf3 h6 13. Bd2 Be7 14. Bg2 g5 15. f4 Nh7 16. Ba5 b6 17. Bd2 Nhf8 18. fxe5 Nxe5 19. Nxe5 Qxe5 20. Rf5 Qe6 21. Qf2 Ng6 22. e5 Rd8 23. Rf1 0-0 24. Qe2 f6 25. Be4 Nxe5 26. Qh5 Kg7 27. h4 Rh8 28. c4 a5 29. b3 Rd6 30. Kg2 Bd8 31. Rh1 Qe8 32. hxg5 fxg5 33. Qe2 Rf6 34. Rhf1 Rhf8 35. Qd1 Qe6 36. Rxf6 Rxf6 37. Bd5 Rxf1 38. Qxf1 Qf6 39. Qe2 Bc7 40. Be4 Nf7 41. Qg4 Nd6 42. Qd7+ Qf7 43. Qxf7+ Kxf7 44. Bf3 Kf6 45. Be1 Nf5 46. Bf2 Ng7 47. g4 Ne6 48. Be4 Bf4 49. Kf3 Ke5 50. Bg6 Nc7 51. Be4 Ne8 52. Bg6 Nd6 53. Be1 Kf6 54. Bh5 Ke5 55. Bf2 Nb7 56. Bg6 Nd8 57. Be8 Ne6 58. Be1 Ng7 59. Bf7 Kf6 60. Bg8 Ke5 61. Bf7 Bh2 62. Bf2 1/2-1/2

[Event "Warsaw YMCA Spring-A 138th"]
[Site "Warsaw"]
[Date "2014.05.23"]
[Round "7"]
[White "Choroszej, Aleksander"]
[Black "Maj, Pawel"]
[Result "1-0"]
[WhiteElo "2113"]
[BlackElo "1968"]
[PlyCount "89"]
[EventDate "2014.04.08"]
[EventType "tourn"]
[EventRounds "11"]
[EventCountry "POL"]
[SourceTitle "EXT 2015"]
[Source "ChessBase"]
[SourceDate "2014.11.20"]
[SourceVersion "1"]
[SourceVersionDate "2014.11.20"]
[SourceQuality "1"]

1. d4 Nf6 2. c4 g6 3. Nc3 Bg7 4. e4 d6 5. f4 0-0 6. Nf3 Na6 7. Bd3 Bg4 8. h3 Bxf3 9. Qxf3 Nd7 10. Be3 e5 11. fxe5 c5 12. 0-0 Nb4 13. Rad1 cxd4 14. Bxd4 Nxe5 15. Bxe5 Bxe5 16. Bb1 Qa5 17. b3 Rac8 18. Kh1 a6 19. a4 Rc5 20. Ne2 Qc7 21. Nf4 Re8 22. Qe3 b6 23. Qd2 a5 24. Ne2 Qe7 25. Nd4 Na6 26. Nf3 Bg3 27. Nh2 h5 28. Rf3 Be5 29. Nf1 Qe6 30. Ne3 Rc6 31. Rdf1 Rf8 32. Nd5 Kg7 33. Nf4 Bxf4 34. Qxf4 Nc5 35. Bc2 f6 36. Rd1 Qe5 37. Qh4 Rc7 38. Rd5 Qb2 39. Qf2 Rd7 40. Rg3 Nxe4 41. Rxg6+ Kf7 42. Qe2 Qc1+ 43. Rd1 Qxd1+ 44. Bxd1 Kxg6 45. Qxe4+ 1-0

[Event "Warsaw YMCA Spring-A 138th"]
[Site "Warsaw"]
[Date "2014.05.16"]
[Round "6"]
[White "Maj, Pawel"]
[Black "Zaczek, Jonathon"]
[Result "1/2-1/2"]
[WhiteElo "1968"]
[BlackElo "2073"]
[PlyCount "67"]
[EventDate "2014.04.08"]
[EventType "tourn"]
[EventRounds "11"]
[EventCountry "POL"]
[SourceTitle "EXT 2015"]
[Source "ChessBase"]
[SourceDate "2014.11.20"]
[SourceVersion "1"]
[SourceVersionDate "2014.11.20"]
[SourceQuality "1"]

1. e4 c5 2. Nc3 d6 3. f4 Nf6 4. Bb5+ Bd7 5. Bxd7+ Qxd7 6. Nf3 Nc6 7. 0-0 e6 8. d3 Be7 9. Ne2 0-0 10. Ng3 Rac8 11. f5 e5 12. c4 Nd4 13. Bg5 b5 14. Bxf6 Bxf6 15. Nh5 bxc4 16. dxc4 Qe7 17. g4 Rb8 18. Qd2 Rb4 19. Nxf6+ Qxf6 20. g5 Qd8 21. b3 Qb6 22. f6 g6 23. Nxd4 exd4 24. Qf4 Re8 25. Rae1 Re5 26. h4 h5 27. gxh6 Kh7 28. Qg4 Qd8 29. Rf4 Rb8 30. Ref1 Qc8 31. Qf3 Qe6 32. Kf2 Re8 33. Re1 Qc8 34. Re2 1/2-1/2

[Event "Warsaw YMCA Spring-A 138th"]
[Site "Warsaw"]
[Date "2014.04.25"]
[Round "3"]
[White "Maj, Pawel"]
[Black "Sujkowski, Pawel"]
[Result "1/2-1/2"]
[WhiteElo "1968"]
[BlackElo "1951"]
[PlyCount "20"]
[EventDate "2014.04.08"]
[EventType "tourn"]
[EventRounds "11"]
[EventCountry "POL"]
[SourceTitle "EXT 2015"]
[Source "ChessBase"]
[SourceDate "2014.11.20"]
[SourceVersion "1"]
[SourceVersionDate "2014.11.20"]
[SourceQuality "1"]

1. d4 d5 2. c4 c6 3. Nf3 Nf6 4. g3 a6 5. Bg2 g6 6. Bf4 Bg7 7. Nbd2 0-0 8. 0-0 Nbd7 9. Ne5 Nxe5 10. Bxe5 Bf5 1/2-1/2